| 000 | 00464cam a22001457a 4500 | ||
|---|---|---|---|
| 008 | 180718b1965 xxu||||| |||| 00| 0 eng d | ||
| 082 | _aT000 In7/7 | ||
| 245 |
_aPlanning of industrial development in U.A.R. _cby Institute of National Planning |
||
| 260 |
_aCairo _bInstitute of National Planning _c1965 |
||
| 300 | _a39p. | ||
| 440 | _aMemo, no.548 | ||
| 500 | _aBound with T000/In7/4-14 | ||
| 650 | _aIndustry - U.A.R. | ||
| 700 | _aInstitute of National Planning | ||
| 999 |
_c480049 _d480049 |
||